[Event "Campeonato Distrital Individual Absoluto"]
[Site "Sede do GX Alekhine - Lisboa"]
[Date "2015.01.27"]
[Round "1.1"]
[White "Lages, Duarte Jorge Silva"]
[Black "Reis, Luís De Sousa Almeid"]
[Result "0-1"]
[WhiteElo "1775"]
[BlackElo "2174"]
[PlyCount "46"]
[EventDate "2015.01.27"]

1. d4 Nf6 2. c4 e5 3. dxe5 Ng4 4. e4 Nxe5 5. f4 Ng6 6. Be3 Bb4+ 7. Nd2 Qe7 8.
Qc2 O-O 9. Ngf3 Nc6 10. Bd3 Bc5 11. Bxc5 Qxc5 12. Nb3 Qe3+ 13. Qe2 Qxe2+ 14.
Bxe2 Nxf4 15. Kf2 Re8 16. Nfd2 d6 17. g3 Nxe2 18. Kxe2 f5 19. Ke3 fxe4 20. Nd4
Nxd4 21. Kxd4 e3 22. Rhe1 Bf5 23. Rxe3 c5+ 0-1

[Event "Campeonato Distrital Individual Absoluto"]
[Site "Sede do GX Alekhine - Lisboa"]
[Date "2015.01.27"]
[Round "1.2"]
[White "Bolhari, Orphe Iraj"]
[Black "Seia, João Manuel Barradas"]
[Result "1-0"]
[WhiteElo "2141"]
[BlackElo "1755"]
[PlyCount "55"]
[EventDate "2015.01.27"]

1. e4 c5 2. Nf3 d6 3. d4 cxd4 4. Nxd4 Nf6 5. Nc3 a6 6. Bg5 e6 7. f4 Nbd7 8. Qf3
Qc7 9. O-O-O b5 10. e5 Bb7 11. Qh3 dxe5 12. Nxe6 fxe6 13. Qxe6+ Be7 14. Bxb5
axb5 15. Nxb5 Qc6 16. Nd6+ Kd8 17. fxe5 Kc7 18. Qxe7 Nd5 19. Rxd5 Qxd5 20. Rd1
Qc6 21. e6 Rxa2 22. Kb1 Rha8 23. Ne8+ Kb6 24. Qb4+ Ka7 25. exd7 Qb6 26. Qxb6+
Kxb6 27. d8=Q+ Kb5 28. Nc7+ 1-0

[Event "Campeonato Distrital Individual Absoluto"]
[Site "Sede do GX Alekhine - Lisboa"]
[Date "2015.01.27"]
[Round "1.3"]
[White "Branco, Rómulo João Monteiro"]
[Black "Vasconcellos, Renato Fialho De"]
[Result "0-1"]
[WhiteElo "1737"]
[BlackElo "2053"]
[PlyCount "68"]
[EventDate "2015.01.27"]

1. e4 c5 2. Nf3 e6 3. c4 Nc6 4. Nc3 a6 5. a3 Nf6 6. d4 cxd4 7. Nxd4 Qc7 8. Nxc6
dxc6 9. f4 e5 10. f5 Bc5 11. Qf3 b6 12. Be3 Bxe3 13. Qxe3 a5 14. Be2 Ba6 15.
O-O O-O 16. b4 Bb7 17. b5 cxb5 18. cxb5 Rac8 19. Rac1 Qd6 20. Na4 Rxc1 21. Rxc1
Bxe4 22. Nxb6 Qd4 23. Qxd4 exd4 24. Rd1 Rd8 25. Bd3 Kf8 26. a4 Bxd3 27. Rxd3
Ne4 28. Nc4 Nc5 29. Rd2 d3 30. Nxa5 Ra8 31. Nc6 Rxa4 32. g3 Rc4 33. Ne5 Rc1+
34. Kg2 Rc2 0-1

[Event "Campeonato Distrital Individual Absoluto"]
[Site "Sede do GX Alekhine - Lisboa"]
[Date "2015.01.27"]
[Round "1.4"]
[White "Preto, Daniel Filipe Rodrig"]
[Black "Azevedo, Manuel Roque"]
[Result "1-0"]
[WhiteElo "2015"]
[BlackElo "1719"]
[PlyCount "81"]
[EventDate "2015.01.27"]

1. Nf3 d5 2. g3 Nf6 3. Bg2 c6 4. O-O Bf5 5. d3 e6 6. Nbd2 h6 7. Qe1 Bd6 8. e4
dxe4 9. dxe4 Bg6 10. e5 Bxc2 11. exd6 Qxd6 12. Nc4 Qe7 13. Qd2 Be4 14. Nd6+ Kf8
15. Nxe4 Nxe4 16. Qd4 Nf6 17. Bf4 Nd5 18. Be5 f6 19. Bxb8 Rxb8 20. Qxa7 Kf7 21.
Qd4 Rhd8 22. Qe4 e5 23. Nh4 Kg8 24. Nf5 Qf7 25. Qg4 Kf8 26. Be4 Ne7 27. Rfd1
Nxf5 28. Bxf5 Qe7 29. Be6 Rd6 30. Bb3 Rbd8 31. Rxd6 Rxd6 32. Qc4 Ke8 33. Qg8+
Kd7 34. Qb8 b5 35. Rc1 Qe8 36. Qb7+ Kd8 37. Qxg7 h5 38. Rd1 Qd7 39. Qxd7+ Kxd7
40. Rxd6+ Kxd6 41. Bd1 1-0

[Event "Campeonato Distrital Individual Absoluto"]
[Site "Sede do GX Alekhine - Lisboa"]
[Date "2015.01.27"]
[Round "1.5"]
[White "Lopes, Jose Manuel Cidreiro"]
[Black "Santos, Júlio Fernandes Dos"]
[Result "1/2-1/2"]
[WhiteElo "1734"]
[BlackElo "1949"]
[PlyCount "142"]
[EventDate "2015.01.27"]

1. e4 e5 2. Nf3 Nc6 3. c3 d6 4. d4 Bg4 5. Bb5 a6 6. Bxc6+ bxc6 7. Qa4 Qd7 8.
dxe5 Bxf3 9. gxf3 dxe5 10. Nd2 Bd6 11. Nc4 Ne7 12. Nxd6+ cxd6 13. c4 O-O 14.
Be3 Qh3 15. Ke2 f5 16. Qc2 Ng6 17. Rag1 f4 18. Bc1 Nh4 19. Qc3 Rf6 20. c5 Re8
21. cxd6 Rxd6 22. Bxf4 Ng6 23. Bc1 Qe6 24. Qb3 Qxb3 25. axb3 Rb8 26. Rd1 Rxd1
27. Rxd1 Rxb3 28. Rd3 Rb6 29. Rc3 a5 30. Ra3 Ra6 31. Bd2 Nf4+ 32. Ke3 Rb6 33.
Bc3 Rb5 34. Rxa5 Rxa5 35. Bxa5 Kf7 36. Kd2 Ke6 37. Bc7 g5 38. Bd8 h6 39. h4
gxh4 40. Bxh4 h5 41. Bg3 Ng6 42. Ke3 h4 43. Bh2 h3 44. Ke2 c5 45. Kf1 c4 46.
Bg3 Kd6 47. Kg1 Kc5 48. Kh2 Kb4 49. Kxh3 Kb3 50. Kg4 Kxb2 51. Kf5 Nf4 52. Kxe5
Ne2 53. Bh4 c3 54. Kd6 Nd4 55. Bf6 Nxf3 56. Bxc3+ Kxc3 57. e5 Ng5 58. f4 Ne4+
59. Kd5 Kd3 60. e6 Nf6+ 61. Ke5 Ng4+ 62. Kd6 Ke4 63. e7 Nf6 64. Ke6 Nh5 65. Kf7
Nxf4 66. e8=Q+ Kf5 67. Qb5+ Kg4 68. Qc4 Kf5 69. Qc5+ Kg4 70. Qd4 Kf5 71. Qe3
Kg4 1/2-1/2

[Event "Campeonato Distrital Individual Absoluto"]
[Site "Sede do GX Alekhine - Lisboa"]
[Date "2015.01.27"]
[Round "1.6"]
[White "Nanques, Helder Manuel Pereir"]
[Black "Fortunato, António Eduardo Con"]
[Result "0-1"]
[WhiteElo "1922"]
[BlackElo "1691"]
[PlyCount "110"]
[EventDate "2015.01.27"]

1. b3 e6 2. Bb2 Nf6 3. e3 c5 4. Nf3 Be7 5. Be2 O-O 6. O-O d5 7. d4 b6 8. Nbd2
Bb7 9. Ne5 Nc6 10. Ndf3 Nd7 11. Nxd7 Qxd7 12. dxc5 Bxc5 13. Bd3 Qe7 14. h4 e5
15. Bxh7+ Kxh7 16. Ng5+ Kh6 17. e4 f6 18. Bc1 dxe4 19. Ne6+ Kh7 20. Nxf8+ Rxf8
21. Qh5+ Kg8 22. c3 Qf7 23. Qf5 Ne7 24. Qd7 Nd5 25. Qxf7+ Rxf7 26. b4 Be7 27.
Bd2 f5 28. g3 f4 29. a3 fxg3 30. fxg3 Bf6 31. c4 Nc7 32. Be3 Ne6 33. a4 Nd4 34.
Ra2 Rc7 35. Rc1 Be7 36. Rb2 Ba6 37. b5 Ba3 38. bxa6 Bxb2 39. Rb1 Ba3 40. a5 Bc5
41. axb6 Bxb6 42. Rb4 Nf3+ 43. Kf2 Nd4 44. g4 Rf7+ 45. Kg2 Nc2 46. Rb5 Nxe3+
47. Kh3 Nxc4 48. g5 g6 49. h5 gxh5 50. Kh4 e3 51. g6 Rf1 52. Rd5 e2 53. Rd7
e1=Q+ 54. Kg5 Qg3+ 55. Kh6 Be3+ 0-1

[Event "Campeonato Distrital Individual Absoluto"]
[Site "Sede do GX Alekhine - Lisboa"]
[Date "2015.01.27"]
[Round "1.7"]
[White "Júlio, André Alexandre Mira"]
[Black "Sousa, Tadeu Filipe Leonard"]
[Result "0-1"]
[WhiteElo "1671"]
[BlackElo "1787"]
[PlyCount "66"]
[EventDate "2015.01.27"]

1. d4 g6 2. e4 Bg7 3. Nf3 d6 4. Be3 c5 5. c3 Nf6 6. dxc5 dxc5 7. Qxd8+ Kxd8 8.
Nbd2 Nbd7 9. Bc4 Ke8 10. h3 e6 11. Rd1 b6 12. O-O Bb7 13. Rfe1 Rd8 14. Bf4 Nh5
15. Bc7 Rc8 16. Bd6 Bf8 17. e5 Ng7 18. Ne4 Nf5 19. Bxf8 Rxf8 20. g4 Bxe4 21.
Rxe4 Ne7 22. Bb5 Nc6 23. Rd6 Ndb8 24. Ng5 h6 25. Nh7 Rh8 26. Nf6+ Ke7 27. Ra4
Nxe5 28. Ne4 Nec6 29. Bxc6 Nxc6 30. Rxc6 Rxc6 31. Rxa7+ Kf8 32. Nf6 Kg7 33.
Ne8+ Rxe8 0-1

[Event "Campeonato Distrital Individual Absoluto"]
[Site "Sede do GX Alekhine - Lisboa"]
[Date "2015.01.27"]
[Round "1.8"]
[White "Fanha, Paulo A Marinheiro"]
[Black "Daud, Rafic"]
[Result "1-0"]
[WhiteElo "1868"]
[BlackElo "1654"]
[PlyCount "53"]
[EventDate "2015.01.27"]

1. b3 Nf6 2. Bb2 g6 3. Bxf6 exf6 4. c4 Bg7 5. Nc3 f5 6. Rc1 O-O 7. g3 d6 8. Bg2
Re8 9. e3 Nd7 10. Nge2 Rb8 11. O-O Nc5 12. d4 Nd7 13. Qc2 b6 14. Nb5 a6 15. Na7
Bb7 16. Nc6 Bxc6 17. Bxc6 Re7 18. Rfd1 Nf6 19. Nc3 Ne4 20. Nxe4 fxe4 21. Bxe4
Qd7 22. Bg2 Rc8 23. Bb7 Rb8 24. Bxa6 c6 25. c5 b5 26. cxd6 Qxd6 27. Qxc6 1-0

[Event "Campeonato Distrital Individual Absoluto"]
[Site "Sede do GX Alekhine - Lisboa"]
[Date "2015.01.27"]
[Round "1.9"]
[White "Sirgado, Carlos Manuel Ferrei"]
[Black "Santos, Jose Manuel Duarte C"]
[Result "0-1"]
[WhiteElo "1654"]
[BlackElo "1872"]
[PlyCount "82"]
[EventDate "2015.01.27"]

1. e4 Nf6 2. Nc3 d5 3. e5 Nfd7 4. d4 e6 5. Nf3 c5 6. Be3 Nc6 7. Bb5 Qb6 8. O-O
cxd4 9. Bxd4 Nxd4 10. Nxd4 a6 11. Bxd7+ Bxd7 12. Rb1 Qc7 13. Nf3 Rc8 14. Re1 b5
15. Rc1 Bb4 16. Re3 Bc5 17. Nd4 O-O 18. a3 f6 19. Re2 fxe5 20. Nf3 e4 21. Nd4
Qe5 22. Nb3 Bd6 23. g3 Bc6 24. Qd2 Bxa3 25. Qd4 Qxd4 26. Nxd4 Bxb2 27. Rd1 Bxc3
28. Nxe6 Rfe8 29. Nd4 Bb7 30. Nf5 Rcd8 31. Nd4 Bc8 32. Re3 b4 33. Rxc3 bxc3 34.
Kg2 e3 35. fxe3 Rxe3 36. Ra1 Re4 37. Rd1 Rde8 38. h3 Re1 39. Rd3 R8e3 40. Rxe3
Rxe3 41. Kf2 Re4 0-1

[Event "Campeonato Distrital Individual Absoluto"]
[Site "Sede do GX Alekhine - Lisboa"]
[Date "2015.01.27"]
[Round "1.10"]
[White "Marques, Carlos Filipe Fernan"]
[Black "Marques, Hugo Miguel Fernande"]
[Result "0-1"]
[WhiteElo "1852"]
[BlackElo "1640"]
[PlyCount "86"]
[EventDate "2015.01.27"]

1. e4 e5 2. Nf3 Nc6 3. Bb5 a6 4. Ba4 Bc5 5. d3 b5 6. Bb3 h6 7. Bxf7+ Kxf7 8.
Nxe5+ Nxe5 9. Qh5+ Ke6 10. Qf5+ Kd6 11. f4 Nf3+ 12. gxf3 Qh4+ 13. Kd1 Ne7 14.
e5+ Kc6 15. Qe4+ Kb6 16. b4 Bf2 17. Be3+ Bxe3 18. Qxe3+ Kb7 19. a4 Kb8 20. Nc3
Nf5 21. Qc5 Bb7 22. Kc1 Qxf4+ 23. Kb2 bxa4 24. Rxa4 Qd4 25. Qa5 Bc6 26. b5 axb5
27. Rxd4 Rxa5 28. Rf4 Ne3 29. Rf7 b4 30. Ne4 Bxe4 31. fxe4 Rxe5 32. Rxg7 d5 33.
Rg3 d4 34. Ra1 Rc5 35. Kb3 Rxc2 36. Rxe3 Rc3+ 37. Kxb4 c5+ 38. Kb5 dxe3 39. Re1
Rh7 40. Rxe3 Rb7+ 41. Kc6 c4 42. e5 cxd3+ 43. Kd6 d2 0-1

[Event "Campeonato Distrital Individual Absoluto"]
[Site "Sede do GX Alekhine - Lisboa"]
[Date "2015.01.27"]
[Round "1.11"]
[White "Silva, Miguel Amorim Brandã"]
[Black "Belo, Miguel Ângelo Peting"]
[Result "0-1"]
[WhiteElo "1633"]
[BlackElo "1850"]
[PlyCount "106"]
[EventDate "2015.01.27"]

1. e4 c5 2. Nf3 d6 3. d4 cxd4 4. Nxd4 Nf6 5. Nc3 a6 6. Be2 e5 7. Nf3 Be6 8. O-O
Be7 9. Ng5 Bc8 10. a4 h6 11. Nf3 Be6 12. h3 Nbd7 13. Be3 Rc8 14. a5 Nc5 15.
Bxc5 Rxc5 16. Nd2 Rxa5 17. Rxa5 Qxa5 18. Nc4 Qb4 19. Nd5 Bxd5 20. exd5 Qc5 21.
Ne3 O-O 22. c4 b5 23. Qd3 Rb8 24. Rb1 bxc4 25. Qxc4 Qxc4 26. Bxc4 a5 27. Ra1
Bd8 28. b3 Ne4 29. Nf5 Bb6 30. Ra2 Bc5 31. Kf1 Bb4 32. Ne7+ Kf8 33. Nc6 Rb7 34.
Nxb4 axb4 35. f3 Nc3 36. Ra8+ Ke7 37. Rg8 g6 38. Kf2 Ra7 39. Rb8 Na2 40. Rb6 f5
41. Ra6 Rxa6 42. Bxa6 Nc3 43. Bc4 f4 44. Ke1 Kd8 45. Kd2 Kc7 46. Kd3 Kb6 47.
Kd2 g5 48. Kd3 Kc5 49. Kd2 Kd4 50. Ke1 Nxd5 51. Kf2 Ne3 52. Be6 Kc3 53. Bf7 d5
0-1

[Event "Campeonato Distrital Individual Absoluto"]
[Site "Sede do GX Alekhine - Lisboa"]
[Date "2015.01.27"]
[Round "1.12"]
[White "Rocha, Manuel Fernando Teix"]
[Black "Nunes, Adelino Victor"]
[Result "1-0"]
[WhiteElo "1798"]
[BlackElo "1588"]
[PlyCount "67"]
[EventDate "2015.01.27"]

1. e4 g6 2. d4 Bg7 3. f4 e6 4. Nf3 d5 5. e5 Ne7 6. Bd3 Nbc6 7. c3 a6 8. O-O b5
9. b4 O-O 10. a4 bxa4 11. Rxa4 Bb7 12. Qe2 Nb8 13. Nbd2 Qd7 14. Ra2 c6 15. Nb3
Qc8 16. Bd2 Re8 17. Rfa1 Bf8 18. h3 Nf5 19. Kf2 Be7 20. g4 Ng7 21. Nc5 Bxc5 22.
dxc5 h6 23. Nd4 h5 24. Rg1 Qd8 25. Kg3 hxg4 26. hxg4 Kf8 27. Qh2 Ke7 28. f5 Kd7
29. Rh1 gxf5 30. gxf5 Nxf5+ 31. Nxf5 Rg8+ 32. Kf3 exf5 33. Bxf5+ Kc7 34. e6+
1-0

[Event "Campeonato Distrital Individual Absoluto"]
[Site "Sede do GX Alekhine - Lisboa"]
[Date "2015.01.27"]
[Round "1.13"]
[White "Martins, Abílio Morgado"]
[Black "Aguiar, Carlos Alberto Branc"]
[Result "0-1"]
[WhiteElo "1489"]
[BlackElo "1807"]
[PlyCount "58"]
[EventDate "2015.01.27"]

1. Nf3 Nf6 2. d4 e6 3. c4 Ne4 4. a3 b6 5. e3 Bb7 6. Bd3 f5 7. O-O d6 8. b3 Nd7
9. Bb2 Ndf6 10. h3 Be7 11. Be2 Qd7 12. b4 a5 13. b5 O-O 14. a4 Qe8 15. Nh2 Rd8
16. Bf3 c5 17. Nd2 Nxd2 18. Qxd2 Bxf3 19. Nxf3 Ne4 20. Qd1 Bf6 21. Qc2 Qh5 22.
Rad1 g5 23. Nd2 Nxd2 24. Rxd2 g4 25. Qd1 Qh4 26. hxg4 fxg4 27. e4 Bg5 28. Rd3
Rf6 29. Rg3 Rh6 0-1

[Event "Campeonato Distrital Individual Absoluto"]
[Site "Sede do GX Alekhine - Lisboa"]
[Date "2015.01.29"]
[Round "2.1"]
[White "Reis, Luís De Sousa Almeid"]
[Black "Belo, Miguel Ângelo Peting"]
[Result "1-0"]
[WhiteElo "2174"]
[BlackElo "1850"]
[PlyCount "105"]
[EventDate "2015.01.27"]

1. Nf3 d5 2. c4 c6 3. Qc2 Nf6 4. d4 Bg4 5. Ne5 Bh5 6. cxd5 Qxd5 7. e3 Nbd7 8.
Nc3 Qd6 9. f4 Nd5 10. Nxd5 Nxe5 11. fxe5 Qxd5 12. Bc4 Bg6 13. Bxd5 Bxc2 14. Bf3
Bd3 15. Bd2 e6 16. Rc1 Bb5 17. b3 Ba3 18. Rc3 O-O 19. Be2 a6 20. Bc4 Rfd8 21.
Rc2 Rd7 22. Ke2 Rad8 23. Ba5 Rb8 24. Bb6 Rc8 25. Rb1 Bb4 26. a4 Bxc4+ 27. bxc4
c5 28. a5 h5 29. Kf3 Rc6 30. Ke4 f5+ 31. Kf4 g6 32. Kg5 Kg7 33. h3 Ba3 34. Rb3
Bb4 35. Rb1 Rxb6 36. axb6 a5 37. Rxb4 cxb4 38. Ra2 f4 39. Kxf4 Rf7+ 40. Ke4 h4
41. c5 b3 42. Rxa5 Rf8 43. Rb5 Rf2 44. Rxb3 Rc2 45. Kd3 Rc1 46. Kd2 Rc4 47. Ra3
g5 48. Ra7 Kg6 49. Rxb7 Ra4 50. Ke2 Ra2+ 51. Kf3 Ra1 52. Re7 Kh5 53. Rxe6 1-0

[Event "Campeonato Distrital Individual Absoluto"]
[Site "Sede do GX Alekhine - Lisboa"]
[Date "2015.01.29"]
[Round "2.2"]
[White "Aguiar, Carlos Alberto Branc"]
[Black "Bolhari, Orphe Iraj"]
[Result "0-1"]
[WhiteElo "1807"]
[BlackElo "2141"]
[PlyCount "109"]
[EventDate "2015.01.27"]

1. d4 d5 2. c4 Nc6 3. e3 e5 4. dxe5 dxc4 5. Qxd8+ Kxd8 6. Bxc4 Nxe5 7. Be2 Bf5
8. Bd2 Nf6 9. Nc3 c6 10. Nf3 Bd6 11. Nxe5 Bxe5 12. f3 Be6 13. e4 Ke7 14. Be3
Rhd8 15. Bc5+ Ke8 16. Rc1 Bd4 17. Bxd4 Rxd4 18. Rd1 Rad8 19. Rxd4 Rxd4 20. b3
b5 21. Kf2 Rd2 22. Ke3 Rb2 23. Rb1 Rxb1 24. Nxb1 a6 25. Kd4 Nd7 26. f4 c5+ 27.
Kc3 f6 28. Nd2 Nb8 29. Bf3 Kd7 30. h3 Nc6 31. Bd1 Kd6 32. Nf3 c4 33. bxc4 Bxc4
34. a3 Bf1 35. Ne1 g5 36. fxg5 fxg5 37. Bb3 Kc5 38. Be6 a5 39. Bf5 h6 40. g3
b4+ 41. axb4+ axb4+ 42. Kd2 Nd4 43. Nd3+ Bxd3 44. Kxd3 b3 45. Kc3 Ne2+ 46. Kxb3
Nxg3 47. Bc8 Kd4 48. Kc2 Nxe4 49. h4 gxh4 50. Kd1 Ke3 51. Ke1 Nd6 52. Be6 Kf3
53. Kf1 Kg3 54. Bd5 h3 55. Bg2 0-1

[Event "Campeonato Distrital Individual Absoluto"]
[Site "Sede do GX Alekhine - Lisboa"]
[Date "2015.01.29"]
[Round "2.3"]
[White "Vasconcellos, Renato Fialho De"]
[Black "Alves, Luis Miguel Guerreir"]
[Result "1-0"]
[WhiteElo "2053"]
[BlackElo "1798"]
[PlyCount "95"]
[EventDate "2015.01.27"]

1. e4 c5 2. Ne2 g6 3. d4 Bg7 4. dxc5 Qa5+ 5. Nbc3 Qxc5 6. Be3 Qb4 7. Qd2 Nf6 8.
a3 Qa5 9. Nd4 Nc6 10. f3 O-O 11. Nb3 Qd8 12. g4 a6 13. h4 h5 14. g5 Ne8 15.
O-O-O d6 16. f4 Bg4 17. Be2 Bxe2 18. Nxe2 b5 19. Ned4 Rc8 20. Rhe1 Qc7 21. Kb1
Qb7 22. Nxc6 Qxc6 23. Bd4 e5 24. Bc3 b4 25. Bxb4 exf4 26. c3 Be5 27. Nd4 Qa4
28. Qc2 Qd7 29. Nf3 Bg7 30. e5 Qg4 31. Qe2 Nc7 32. exd6 Ne6 33. d7 Rb8 34. Bxf8
Bxf8 35. Ka2 Qf5 36. Nd4 Qd5+ 37. c4 Qxd7 38. Nxe6 Qxe6 39. Qxe6 fxe6 40. Rxe6
Bg7 41. b4 a5 42. Rd7 Rf8 43. Rxg6 Rf7 44. Rxf7 Kxf7 45. Rd6 Ke7 46. Rd1 Ke6
47. bxa5 Bc3 48. a6 1-0

[Event "Campeonato Distrital Individual Absoluto"]
[Site "Sede do GX Alekhine - Lisboa"]
[Date "2015.01.29"]
[Round "2.4"]
[White "Sousa, Tadeu Filipe Leonard"]
[Black "Preto, Daniel Filipe Rodrig"]
[Result "1/2-1/2"]
[WhiteElo "1787"]
[BlackElo "2015"]
[PlyCount "88"]
[EventDate "2015.01.27"]

1. e4 c6 2. d4 d5 3. Nc3 dxe4 4. Nxe4 Nf6 5. Nxf6+ gxf6 6. c3 Rg8 7. Qh5 Qd5 8.
Qxd5 cxd5 9. Bf4 Nc6 10. O-O-O Bf5 11. Ne2 e5 12. Be3 O-O-O 13. Ng3 Bg6 14. h4
h5 15. Bd3 Kb8 16. Rhg1 exd4 17. Bxd4 Nxd4 18. cxd4 Bh6+ 19. Kb1 Rc8 20. Nf5
Bf8 21. g3 Bxf5 22. Bxf5 Rc4 23. Rc1 Bh6 24. Rxc4 dxc4 25. Re1 Rd8 26. Re4 Rd5
27. Re8+ Kc7 28. Re7+ Kb6 29. Bc2 Rxd4 30. Rxf7 Rd6 31. a3 Bd2 32. Be4 Be1 33.
Rxb7+ Kc5 34. Rxa7 Bxf2 35. Rg7 Rb6 36. Bf3 Bd4 37. Rc7+ Kd6 38. Rxc4 Bxb2 39.
Rb4 Rxb4 40. axb4 Be5 41. g4 hxg4 42. Bxg4 Kd5 43. b5 Kc5 44. Bd7 f5 1/2-1/2

[Event "Campeonato Distrital Individual Absoluto"]
[Site "Sede do GX Alekhine - Lisboa"]
[Date "2015.01.29"]
[Round "2.5"]
[White "Santos, Jose Manuel Duarte C"]
[Black "Rocha, Manuel Fernando Teix"]
[Result "1/2-1/2"]
[WhiteElo "1872"]
[BlackElo "1798"]
[PlyCount "22"]
[EventDate "2015.01.27"]

1. e4 e6 2. d4 d5 3. Nd2 Nf6 4. Bd3 c5 5. c3 Nc6 6. Ngf3 Qb6 7. e5 Nd7 8. O-O
cxd4 9. cxd4 Nxd4 10. Nxd4 Qxd4 11. Nf3 Qb6 1/2-1/2

[Event "Campeonato Distrital Individual Absoluto"]
[Site "Sede do GX Alekhine - Lisboa"]
[Date "2015.01.29"]
[Round "2.6"]
[White "Fortunato, António Eduardo Con"]
[Black "Fanha, Paulo A Marinheiro"]
[Result "1-0"]
[WhiteElo "1691"]
[BlackElo "1868"]
[PlyCount "77"]
[EventDate "2015.01.27"]

1. e4 d5 2. exd5 Nf6 3. c4 c6 4. dxc6 Nxc6 5. Nf3 e5 6. d3 Bc5 7. Be3 Bxe3 8.
fxe3 e4 9. dxe4 Qxd1+ 10. Kxd1 Nxe4 11. Ke2 Bg4 12. Nbd2 Nxd2 13. Kxd2 O-O-O+
14. Kc3 Rhe8 15. Re1 Kb8 16. h3 Bxf3 17. gxf3 Nd4 18. Bg2 Nf5 19. e4 Ng3 20.
Rhg1 f5 21. e5 f4 22. h4 Re7 23. Bh3 b5 24. b3 a5 25. c5 Rc7 26. b4 axb4+ 27.
Kxb4 Rd5 28. e6 Rcxc5 29. e7 Rc4+ 30. Kb3 Rd3+ 31. Kb2 Rd2+ 32. Ka1 Rcc2 33.
e8=Q+ Ka7 34. Re7+ Kb6 35. Qb8+ Ka5 36. Ra7+ Kb4 37. Rb1+ Kc3 38. Rb3+ Kd4 39.
Qd6+ 1-0

[Event "Campeonato Distrital Individual Absoluto"]
[Site "Sede do GX Alekhine - Lisboa"]
[Date "2015.01.29"]
[Round "2.7"]
[White "Marques, Hugo Miguel Fernande"]
[Black "Lopes, Jose Manuel Cidreiro"]
[Result "0-1"]
[WhiteElo "1640"]
[BlackElo "1734"]
[PlyCount "84"]
[EventDate "2015.01.27"]

1. e4 d6 2. Bc4 Nf6 3. d3 c6 4. h3 a5 5. a3 b5 6. Bb3 Na6 7. Be3 Nc5 8. Bxc5
dxc5 9. Nd2 g6 10. Ngf3 e6 11. O-O Bg7 12. Qe2 O-O 13. c3 a4 14. Bc2 Qc7 15.
Nh2 Nh5 16. Qe3 Be5 17. Ndf3 Bd6 18. e5 Be7 19. Qh6 f6 20. d4 fxe5 21. Nxe5 Nf4
22. g3 Bg5 23. Qxf8+ Kxf8 24. gxf4 Bxf4 25. Nhg4 cxd4 26. cxd4 c5 27. Be4 Bb7
28. Bxb7 Qxb7 29. dxc5 Qc7 30. Rfe1 h5 31. Nxg6+ Kg7 32. Rxe6 Qxc5 33. Nxf4
hxg4 34. Rg6+ Kf7 35. Rg7+ Kf6 36. hxg4 Rh8 37. g5+ Kf5 38. Rf7+ Kg4 39. Ne6
Qc6 40. Rf4+ Kh3 41. f3 Qxe6 42. Rd1 Qe3+ 0-1

[Event "Campeonato Distrital Individual Absoluto"]
[Site "Sede do GX Alekhine - Lisboa"]
[Date "2015.01.29"]
[Round "2.8"]
[White "Santos, Júlio Fernandes Dos"]
[Black "Marques, Carlos Filipe Fernan"]
[Result "0-1"]
[WhiteElo "1949"]
[BlackElo "1852"]
[PlyCount "90"]
[EventDate "2015.01.27"]

1. e4 e5 2. Nf3 Nc6 3. Bb5 a6 4. Bc4 Be7 5. a3 Nf6 6. Nc3 d6 7. d3 Bg4 8. Be3
Qd7 9. h3 Bh5 10. b4 g5 11. Qd2 Bxf3 12. gxf3 O-O-O 13. O-O-O Nd4 14. Bxd4 exd4
15. Ne2 c5 16. Ng3 d5 17. Bb3 cxb4 18. a4 Kb8 19. Nf5 h6 20. Nxd4 dxe4 21. dxe4
Bc5 22. Nf5 Qc7 23. Qe2 Rc8 24. Rd2 Qb6 25. Rhd1 Nh5 26. Kb1 Nf4 27. Qf1 Rcd8
28. Rxd8+ Rxd8 29. Rxd8+ Qxd8 30. Nxh6 Qd2 31. Nf5 Ne2 32. Kb2 Nc3 33. Qc4 Nd1+
34. Kb1 Nc3+ 35. Kb2 Qd1 36. Ba2 Qxf3 37. Qd3 Qxf2 38. a5 Qg1 39. e5 Be7 40.
Qd4 Na4+ 41. Kb3 Nc5+ 42. Kc4 Qf1+ 43. Kxb4 Ne6+ 44. Nxe7 Nxd4 45. c3 Qb5+ 0-1

[Event "Campeonato Distrital Individual Absoluto"]
[Site "Sede do GX Alekhine - Lisboa"]
[Date "2015.01.29"]
[Round "2.9"]
[White "Garcia, António Manuel Da Co"]
[Black "Sirgado, Carlos Manuel Ferrei"]
[Result "1-0"]
[WhiteElo "1919"]
[BlackElo "1654"]
[PlyCount "125"]
[EventDate "2015.01.27"]

1. d4 d5 2. c4 e6 3. Nc3 Nf6 4. Nf3 Be7 5. Bg5 O-O 6. e3 c6 7. Bd3 dxc4 8. Bxc4
Nd5 9. Bxe7 Qxe7 10. a3 Nxc3 11. bxc3 Nd7 12. O-O Rd8 13. Qc2 b5 14. Bd3 g6 15.
a4 Bb7 16. Rab1 a6 17. c4 Rdc8 18. Nd2 c5 19. axb5 cxd4 20. exd4 axb5 21. Rxb5
Bc6 22. Rbb1 Qf6 23. Qc3 Nc5 24. Nb3 Nxd3 25. Qxd3 Ra3 26. Ra1 Rca8 27. Qc3
Rxa1 28. Rxa1 Rxa1+ 29. Nxa1 Qf5 30. Nc2 Ba4 31. Ne1 Qb1 32. h3 Qb3 33. Qxb3
Bxb3 34. c5 Bd5 35. Nc2 Kf8 36. Nb4 Ba8 37. f4 h5 38. g3 Ke7 39. Kf2 f6 40. Ke3
g5 41. fxg5 fxg5 42. Nd3 Kf6 43. Ne5 Kf5 44. g4+ hxg4 45. hxg4+ Kf6 46. Kd3 Ke7
47. Kc4 Bg2 48. Kb5 Kd8 49. Kb6 Kc8 50. Nf7 Bf3 51. Nd6+ Kd7 52. Nf7 Kc8 53.
Nxg5 Bxg4 54. Kc6 Bf5 55. Kd6 Bg4 56. Nxe6 Bf3 57. d5 Bg2 58. Nf4 Be4 59. Ke7
Bf5 60. d6 Bd7 61. Nd5 Bc6 62. Nb6+ Kb7 63. d7 1-0

[Event "Campeonato Distrital Individual Absoluto"]
[Site "Sede do GX Alekhine - Lisboa"]
[Date "2015.01.29"]
[Round "2.10"]
[White "Nunes, Adelino Victor"]
[Black "Lages, Duarte Jorge Silva"]
[Result "0-1"]
[WhiteElo "1588"]
[BlackElo "1775"]
[PlyCount "88"]
[EventDate "2015.01.27"]

1. e4 c6 2. Nf3 d5 3. exd5 cxd5 4. d4 Nc6 5. c3 Bg4 6. g3 Nf6 7. h3 Bh5 8. Be2
e6 9. Be3 Qb6 10. b4 Ne4 11. a4 a6 12. O-O Bd6 13. Qc2 Rc8 14. Qb2 O-O 15. Kg2
Ne7 16. g4 Bg6 17. Bd3 Qc7 18. Bxe4 Bxe4 19. Rc1 Ng6 20. Bg5 Bf4 21. Nbd2 Bxg5
22. Nxe4 Bxc1 23. Nf6+ gxf6 24. Rxc1 Qf4 25. a5 Qe4 26. Kg3 Rc4 27. Qd2 e5 28.
Re1 Qf4+ 29. Qxf4 exf4+ 30. Kg2 Rxc3 31. Rb1 Re8 32. b5 Ra3 33. bxa6 bxa6 34.
Rb6 Re6 35. Rb8+ Kg7 36. h4 Re2 37. h5 Raa2 38. hxg6 Rxf2+ 39. Kg1 Rxf3 40.
gxf7 Kxf7 41. Rb7+ Kg6 42. Rd7 Rg3+ 43. Kf1 Rh3 44. Kg1 Rb3 0-1

[Event "Campeonato Distrital Individual Absoluto"]
[Site "Sede do GX Alekhine - Lisboa"]
[Date "2015.01.29"]
[Round "2.14"]
[White "Daud, Rafic"]
[Black "Martins, Abílio Morgado"]
[Result "0-1"]
[WhiteElo "1654"]
[BlackElo "1489"]
[PlyCount "100"]
[EventDate "2015.01.27"]

1. e4 c5 2. Nf3 e6 3. d4 cxd4 4. Nxd4 Nf6 5. Bg5 Be7 6. Nc3 a6 7. Qd2 Nc6 8.
Be2 O-O 9. a3 h6 10. Be3 Qa5 11. Nb3 Qc7 12. f3 b6 13. Bf2 Nh5 14. Be3 Nf6 15.
f4 d6 16. Bf3 Bb7 17. Na4 b5 18. Nc3 Rfd8 19. Qf2 Qb8 20. Ne2 b4 21. a4 a5 22.
O-O Rc8 23. Nd2 Nd8 24. Rac1 Nd7 25. f5 e5 26. Qg3 Kh7 27. Bh5 Kh8 28. Qh3 Nf6
29. Rf3 d5 30. Rg3 Bc5 31. Bxc5 Rxc5 32. exd5 Rxd5 33. Nf3 Qd6 34. Ng5 Rd1+ 35.
Rxd1 Qxd1+ 36. Kf2 Qd7 37. Rd3 Bd5 38. Bf3 Qa7+ 39. Kf1 e4 40. Rxd5 exf3 41.
Rxd8+ Rxd8 42. Nxf3 Qe3 43. Nfd4 Qe4 44. Qg3 Rxd4 45. Nxd4 Qxd4 46. Qd3 Qxb2
47. Qd8+ Kh7 48. Qxa5 Qc1+ 49. Kf2 Qxc2+ 50. Kf3 b3 0-1

[Event "Campeonato Distrital Individual Absoluto"]
[Site "Sede do GX Alekhine - Lisboa"]
[Date "2015.02.02"]
[Round "3.1"]
[White "Vasconcellos, Renato Fialho De"]
[Black "Reis, Luís De Sousa Almeid"]
[Result "1-0"]
[WhiteElo "2053"]
[BlackElo "2174"]
[PlyCount "31"]
[EventDate "2015.01.27"]

1. e4 e5 2. Nf3 f5 3. Nxe5 Qf6 4. d4 d6 5. Nc4 fxe4 6. Nc3 Qg6 7. Ne3 c6 8. Be2
Nf6 9. O-O d5 10. f3 exf3 11. Rxf3 Bd6 12. Bd3 Qh5 13. h3 O-O 14. Nf5 Bxf5 15.
Bxf5 Nbd7 16. Bxd7 1-0